00598cam a2200193 a 4500003000400000005001700004008004100021020004300062020004000105040002400145082001700169100003400186245003800220260005200258300002000310650002200330650003000352650002200382INP20260622095642.0090223s2009 nju fr 000 0 eng  a9780691143613 (hardcover : alk. paper) a0691143617 (hardcover : alk. paper) aEG-INPcEG-INPbara04a335221bg w1 aCohen, G. A.q(Gerald Allan).10aWhy not socialism? /cG.A. Cohen. aPrinceton :bPrinceton University Press,c2009. a83 p. ;c16 cm. 7aSocialism.2qrmak 7aNational Socialism2qrmak 7aSocialists2qrmak